| 000 | 01257cas a22003737ar4500 | ||
|---|---|---|---|
| 005 | 20220329142118.0 | ||
| 008 | 990727d19411961mx qr pernn 0 uub0spa d | ||
| 010 | _a78605 | ||
| 011 | _a79577 | ||
| 022 | _a0186-7040 | ||
| 035 | _a89844 | ||
| 245 | 0 | 0 |
_aBoletín Indigenista _c/por Instituto Indigenista Interamericano |
| 260 | 0 |
_aMéxico, D.F. : _bInstituto Indigenista Interamericano, _c1941-1961. |
|
| 300 | _av. | ||
| 310 | _aTrimestral | ||
| 362 | 1 | _av.21 n.4, 1961. | |
| 500 | _aEdición bilingüe | ||
| 590 |
_aBATCH-UPD _b10 _c20130110 _lUCH01 _h0559 |
||
| 590 |
_aBATCH-UPD _b10 _c20130410 _lUCH01 _h0240 |
||
| 590 |
_aBATCH-UPD _b10 _c20130914 _lUCH01 _h1631 |
||
| 590 |
_aCONVERSION _b10 _c20130109 _lUCH01 _h1344 |
||
| 650 | 1 | 4 |
_aIndios de América _xPublicaciones periódicas. _957582 |
| 785 | 0 | 0 | _tAnuario Indigenista |
| 866 | _av.10 n.2-v.12 n.4 (1950-1952) | ||
| 866 | _av.13 n.1-2,4 (1953) | ||
| 866 | _av.14 n.1-4 (1954) | ||
| 866 | _av.15 n.1,3-4 (1955) | ||
| 866 | _av.16 n.1-v.17 n.4 (1956-1957) | ||
| 866 | _av.18 n.1,3-4 (1958) | ||
| 866 | _av.19 n.1-v.21 n.4 (1958-1961) | ||
| 866 | _av.7 n.1-v.9 n.4 (1947-1949) | ||
| 901 | _aSE | ||
| 905 | _aMa. del Socorro Iturbe C. | ||
| 999 |
_c78605 _d78605 |
||